Interpreting heritage : (Record no. 92988)

MARC details
000 -LEADER
fixed length control field 00678nam a22002057a 4500
005 - DATE AND TIME OF LATEST TRANSACTION
control field 20150519160027.0
010 ## - LCCN (DPL NO)
LC control number ENG-112711
020 ## - INTERNATIONAL STANDARD BOOK NUMBER
International Standard Book Number 9788172132316
Terms of availability 850.00
035 ## - SYSTEM CONTROL NUMBER
System control number EN-96243
037 ## - SOURCE OF ACQUISITION
Source of stock number/acquisition DBAD/PUB
082 ## - DEWEY DECIMAL CLASSIFICATION NUMBER
Classification number 954.51
245 ## - TITLE STATEMENT
Title Interpreting heritage :
Statement of responsibility, etc edited by Nizara Hazarika [and] Biman Patowary
Remainder of title a discourse on heritage at risk /
260 ## - PUBLICATION, DISTRIBUTION, ETC. (IMPRINT)
Place of publication, distribution, etc Guwahati
Name of publisher, distributor, etc Purbanchal Prakash
Date of publication, distribution, etc 2014
270 ## - ADDRESS
Address H.N.2, Sewjee Path, Wireless,
City Guwahati
Postal code 781001
300 ## - PHYSICAL DESCRIPTION
Extent 423p. :
Dimensions 23cm(Hb)
Other physical details ill.
500 ## - GENERAL NOTE
General note Includes bibliographical references
700 ## - ADDED ENTRY--PERSONAL NAME
Personal name Hazarika, Nizara
700 ## - ADDED ENTRY--PERSONAL NAME
Personal name Patowary, Biman
942 ## - ADDED ENTRY ELEMENTS (KOHA)
Source of classification or shelving scheme Dewey Decimal Classification
Item type English Books
Call number suffix INT
Classification part 954.51
Holdings
Withdrawn status Lost status Not for loan Collection code Home library Current library Date acquired Source of acquisition Cost, normal purchase price Full call number Barcode Copy number Cost, replacement price Koha item type
    Not For Loan Non-fiction D.B.Act.Division D.B.Act.Division 16/04/2015 DBAD/PUB 850.00 954.51 INT EN-96243 1 850.00 English Books

© Delhi Public Library
Hit Counter
free hit counter